College Writing Skills With Reading (Record no. 3153)

MARC details
000 -LEADER
fixed length control field 00359nam a22001457a 4500
008 - FIXED-LENGTH DATA ELEMENTS--GENERAL INFORMATION
fixed length control field 250424b |||||||| |||| 00| 0 eng d
020 ## - INTERNATIONAL STANDARD BOOK NUMBER
ISBN 007238121
100 ## - MAIN ENTRY--AUTHOR
Author Langan John
245 ## - TITLE STATEMENT
Title College Writing Skills With Reading
250 ## - EDITION STATEMENT
Edition statement 5th
260 ## - PUBLICATION, DISTRIBUTION, ETC. (IMPRINT)
Place of publication U.S.A
Name of publisher MC Graw-Hill Companies Inc
Date of publication 2001
300 ## - COLLATION
Pagination 748p.
942 ## - ADDED ENTRY ELEMENTS (KOHA)
Item type Books
050 ## - LIBRARY OF CONGRESS CALL NUMBER
Classification number PE 1148
Item number .L36

No items available.